Statistics for Pure Bug Type Pokémon

Click here to take the quiz!

General Stats

  • This quiz has been taken 63 times
    (17 since last reset)
  • The average score is 23 of 25

Answer Stats

RegionNumberAnswer% Correct
0412Burmy (Plant Cloak)
100%
0412Burmy (Sandy Cloak)
100%
0412Burmy (Trash Cloak)
100%
0268Cascoon
100%
Kanto0010Caterpie
100%
Unova0588Karrablast
100%
Sinnoh0401Kricketot
100%
0402Kricketune
100%
0011Metapod
100%
0127Pinsir
100%
Kalos0664Scatterbug
100%
0616Shelmet
100%
0266Silcoon
100%
0665Spewpa
100%
Hoenn0265Wurmple
100%
0617Accelgor
91%
Galar0824Blipbug
91%
0919Nymble
91%
0918Spidops
91%
0314Illumise
82%
Johto0204Pineco
82%
0953Rellor
82%
Paldea0917Tarountula
82%
0313Volbeat
82%
Alola0736Grubbin
73%

Score Distribution

Percentile by Number Answered

Percent of People with Each Score

Your Score History

You have not taken this quiz since the last reset